000 00785nam a2200265 a 4500
001
003 DO-SdBNP
005 20211022123722.0
008 130826s2014 dr a 000 0 spa d
020 _a9789945166330
040 _aDO-SdBNP
_bspa
_cBPMSU
082 _a372.632
_bP192o 2014
_222
100 1 _aPaniagua, Edwin
245 1 0 _aOrtografía para estudiantes /
_cEdwin Paniagua.
250 _a2a. ed.
260 _aSanto Domingo :
_bBúho,
_c2014.
300 _a298 p. :
_bils., retrs. ;
_c24 cm.
500 _aIncluye datos biográficos del autor en la solapa de la cubierta
504 _aBibliografía p: 297-298
590 _6Inventariado, 2021/VM
648 4 _a
650 4 _aEspañol
_xOrtografía
_xEnseñanza primaria
910 _aVMateo V.
942 _2ddc
_cBK
999 _c13818
_d13818